Kwalifikacje IO 2026 w hokeju na lodzie - Statystyki

Ogólne statystyki
  • Ten quiz został rozwiązany 13 razy
  • Średni wynik to 10 z 12
Statystyki odpowiedzi
Grupa D % Poprawnych
Norwegia
100%
Francja
90%
Japonia
90%
Słowacja
90%
Dania
80%
Kazachstan
80%
Łotwa
80%
Słowenia
80%
Węgry
80%
Wielka Brytania
80%
Austria
70%
Ukraina
70%
Nie znaleziono quizów pasujących do podanych kryteriów
Rozkład punktacji
Procent ludzi z każdym wynikiem
Percentyl według liczby udzielonych odpowiedzi
Twoja historia wyników
Nie rozwiązałeś tego quizu